Rosco de Pasapalabra #81 - Estadísticas

Estadísticas generales
  • Esta prueba ha sido intentada 252 veces
  • La puntuación promedio es 11 de 25
Estadísticas de respuestas
Inicial Definición Respuesta % Correcto
A Empezar a aparecer la luz del día Amanecer
99%
B Conjunto de escrituras sagradas formado por el Antiguo y Nuevo Testamento Biblia
99%
J Armazón hecha con barras o listones y destinada a encerrar generalmente animales Jaula
81%
I Engaño o broma que se gasta a alguien el día 28 de diciembre Inocentada
78%
U Animal fantástico con figura de caballo y un cuerno recto en mitad de la frente Unicornio
73%
V Derrotar o rendir al enemigo Vencer
73%
S Equipo que se forma con jugadores de distintos clubes para participar en una competición de carácter internacional Selección
64%
O Técnica de fabricar lentes y otros instrumentos para mejorar la visión Óptica
60%
D Adverbio que significa "con rapidez o celeridad" Deprisa
59%
L Persona o animal que guía a un ciego Lazarillo
57%
C Apellido del ciclista madrileño que ganó el Tour de Francia en 2007 y 2009 Contador
55%
Contiene la X Se dice del producto cosmético que elimina las células muertas de la piel Exfoliante
51%
F Acción de hacer una cosa falsa imitando otra auténtica Falsificación
43%
Contiene la Q Pastor de ganado vacuno Vaquero
36%
Contiene la Y Poema en que se refieren hechos heroicos, históricos o legendarios Epopeya
34%
N Hacer que pase a la administración del Estado algún servicio o industria de interés público Nacionalizar
33%
R Reclamación contra una resolución o sentencia, que se presenta ante la autoridad que las dictó o ante otra superior Recurso
29%
H Establecimiento benéfico en que se acoge a niños pobres, huérfanos o abandonados Hospicio
23%
P Coloquialmente, error o hecho desacertado Pifia
15%
E Manera afectuosa y cordial de mostrar los buenos sentimientos a los demás Efusividad
10%
Contiene la Ñ Becerro o cordero de un año cumplido Añojo
6%
M Ciudad de Ecuador que es capital de la provincia de El Oro Machala
2%
T Apellido del cineasta que dirigió la película "Veneno para las hadas" Taboada
2%
G Cepillo de carpintero, de cuchilla estrecha, perpendicular a la cara y muy saliente, que sirve para labrar el fondo de las cajas Guimbarda
1%
Z Respiradero abierto en las bodegas para su respiración Zarcera
1%
No se encontraron pruebas coincidentes
Distribución de puntuación
Porcentaje de gente con cada puntuación
Porcentaje por número respondido
Historial de tus puntuaciones
No has intentado esta prueba.